| 000 | 00000nam##2200000za#4500 |
| 001 | 9.615623 |
| 003 | CaOODSP |
| 005 | 20210615101216 |
| 007 | ta |
| 008 | 150406|2001||||xxc||||| f|0| 0 eng|d |
| 020 | |a0-662-30546-9 |
| 040 | |aCaOODSP|beng |
| 043 | |an-cn--- |
| 086 | 1 |aCC173-3/1-211E |
| 110 | 2 |aCanadian Nuclear Safety Commission. |
| 245 | 10|aCompliance |
| 260 | |aOttawa - Ontario : |bCanadian Nuclear Safety Commission |c2001. |
| 300 | |a2p. ; |c28 cm. |
| 490 | 1 |aRegulatory policy |vP-211(E) |
| 563 | |aSoftcover |
| 590 | |a01-24|b2001-06-15 |
| 690 | 07|aNuclear energy|2gcpds |
| 690 | 07|aSafety|2gcpds |
| 690 | 07|aPolicy|2gcpds |
| 776 | 0#|tCompliance |w(CaOODSP)9.571386 |
| 830 | #0|aRegulatory policy ;|vP-211(E)|w(CaOODSP)9.514450 |